[Event "ICS rated blitz match"]
[Site "204.178.125.65"]
[Date "2000.04.14"]
[Round "?"]
[White "Hossa"]
[Black "harimau"]
[Result "0-1"]
[WhiteElo "2430"]
[BlackElo "2739"]
[PlyCount "128"]

1. e4 e5 2. Nf3 Nf6 3. Nxe5 d6 4. Nf3 Nxe4 5. d4 d5 6. Bd3 Bd6 7. O-O O-O 8. c4
c6 9. cxd5 cxd5 10. Nc3 Nxc3 11. bxc3 Bg4 12. Rb1 Nd7 13. h3 Bh5 14. Rb5 Nb6
15. c4 Bxf3 16. Qxf3 dxc4 17. Bc2 Qd7 18. a4 g6 19. Bd2 c3 20. Bxc3 Rac8 21.
Be4 Rc4 22. Rfb1 Rfc8 23. Ba5 Rxa4 24. Be1 Rc7 25. Ra5 Rxa5 26. Bxa5 Qb5 27.
Be1 Qa6 28. Bd3 Qa2 29. Qe3 Nd5 30. Qd2 Qxd2 31. Bxd2 Nf4 32. Bxf4 Bxf4 33. Kf1
f5 34. Ra1 a6 35. g3 Bg5 36. Rd1 Kf7 37. Be2 Ke7 38. d5 Kd6 39. f4 Bf6 40. g4
fxg4 41. hxg4 a5 42. Kf2 a4 43. Rd3 Bb2 44. Bd1 b5 45. f5 Ra7 46. fxg6 hxg6 47.
Kf3 a3 48. Bb3 a2 49. Bxa2 Rxa2 50. Kf4 Bc1+ 51. Kf3 Ra3 52. Ke2 Rxd3 53. Kxd3
Kxd5 54. Kc3 Ba3 55. Kd3 b4 56. Ke3 Bc1+ 57. Kf3 b3 58. Kg2 b2 59. Kf3 b1=Q 60.
Kg2 Qb2+ 61. Kg3 Ke4 62. g5 Bf4+ 63. Kh3 Qh2+ 64. Kg4 Qg3# 0-1

[Event "ICS rated blitz match"]
[Site "204.178.125.65"]
[Date "2000.04.14"]
[Round "?"]
[White "Hossa"]
[Black "Kamberi"]
[Result "1-0"]
[WhiteElo "2429"]
[BlackElo "2046"]
[PlyCount "87"]

1. e4 e5 2. Nf3 Nc6 3. Nc3 Nf6 4. Nxe5 Nxe5 5. d4 Ng6 6. e5 Ng8 7. Bc4 c6 8.
Qf3 d5 9. exd6 Be6 10. Bxe6 fxe6 11. Ne4 Bxd6 12. Qb3 Qd7 13. Qxb7 Rd8 14.
Qxd7+ Rxd7 15. O-O Nf6 16. Ng5 Re7 17. Rd1 h6 18. Nf3 Kf7 19. c4 Rhe8 20. Be3
Bb8 21. Rd2 Ne4 22. Re2 e5 23. Rd1 exd4 24. Nxd4 Rd7 25. Rf1 Nd6 26. c5 Nc4 27.
Nxc6 Nxe3 28. fxe3+ Kg8 29. Rc2 Be5 30. b4 Bf6 31. Re1 Rd3 32. Nxa7 Bd4 33. Nc6
Rdxe3 34. Rf1 Bf6 35. b5 Re2 36. Rxe2 Rxe2 37. a4 Ra2 38. Re1 Rxa4 39. b6 Bd4+
40. Nxd4 Rxd4 41. b7 Rb4 42. Re8+ Kf7 43. b8=Q Rxb8 44. Rxb8 1-0

[Event "ICS rated blitz match"]
[Site "204.178.125.65"]
[Date "2000.04.14"]
[Round "?"]
[White "Kamberi"]
[Black "Hossa"]
[Result "0-1"]
[WhiteElo "2043"]
[BlackElo "2432"]
[PlyCount "20"]

1. Nf3 d5 2. c4 e6 3. g3 Nf6 4. Bg2 dxc4 5. Qa4+ Nbd7 6. Qxc4 c5 7. O-O b6 8.
Nd4 Ne5 9. Qc2 Nd5 10. e4 Nb4 0-1

[Event "ICS rated blitz match"]
[Site "204.178.125.65"]
[Date "2000.04.14"]
[Round "?"]
[White "Hossa"]
[Black "Kamberi"]
[Result "0-1"]
[WhiteElo "2435"]
[BlackElo "2040"]
[PlyCount "128"]
[EventDate "2000.??.??"]

1. e4 e5 2. Nf3 Nc6 3. Nc3 Nf6 4. Nxe5 Nxe5 5. d4 Ng6 6. e5 Ng8 7. Bc4 c6 8.
Qf3 d5 9. exd6 Be6 10. Bxe6 fxe6 11. Ne4 Bxd6 12. Qb3 Qd7 13. Qxb7 Rd8 14.
Qxd7+ Rxd7 15. O-O Nf6 16. Re1 Nxe4 17. Rxe4 Kf7 18. h4 h5 19. c4 Re8 20. Be3
e5 21. d5 cxd5 22. cxd5 Nf4 23. Rd1 Bb8 24. Bxf4 exf4 25. Rb4 Red8 26. Rd2 Be5
27. Rb5 Kf6 28. Rc5 Rd6 29. b4 Kf5 30. Rc7 R8d7 31. Rxd7 Rxd7 32. b5 Ke4 33.
Rd1 Bd4 34. d6 Rxd6 35. Rc1 Rd7 36. Rb1 f3 37. Re1+ Kf4 38. g3+ Kg4 39. Re4+
Kh3 40. Re1 Bb6 41. a4 Rd2 42. Rf1 Ra2 43. a5 Rxa5 44. Rb1 Ra2 45. Rf1 Rb2 46.
g4 hxg4 47. Rc1 g3 48. Rf1 Rxf2 49. Rxf2 Bxf2+ 50. Kf1 g2+ 51. Kxf2 Kh2 52.
Kxf3 g1=Q 53. Ke2 Qb6 54. Kd3 Qxb5+ 55. Kd4 a5 56. h5 a4 57. h6 gxh6 58. Kc3 a3
59. Kd4 a2 60. Ke4 a1=Q 61. Ke3 Qaa4 62. Kd2 Qbb3 63. Ke2 Qaa2+ 64. Ke1 Qbb1#
0-1

[Event "ICS rated blitz match"]
[Site "204.178.125.65"]
[Date "2000.04.14"]
[Round "?"]
[White "Hossa"]
[Black "PostModernist"]
[Result "0-1"]
[WhiteElo "2406"]
[BlackElo "2542"]
[PlyCount "170"]

1. e4 e5 2. Nf3 Nc6 3. Nc3 Nf6 4. Nxe5 Bb4 5. Nxc6 dxc6 6. d3 Qd4 7. Bd2 Ng4 8.
Qe2 Bc5 9. Nd1 O-O 10. c3 Qd8 11. g3 Ne5 12. h3 Ng6 13. Ne3 Re8 14. f4 Ne7 15.
O-O-O Be6 16. Kb1 Qd6 17. d4 Bb6 18. f5 Bc8 19. Qf3 c5 20. Nc4 Qf6 21. Be3 cxd4
22. Nxb6 Qxb6 23. cxd4 Bd7 24. Rc1 Rac8 25. d5 Qf6 26. Bf4 c5 27. Bc4 b5 28.
Be2 a5 29. Rc2 c4 30. g4 Qd4 31. Rd1 Qc5 32. f6 gxf6 33. Be3 Qd6 34. Bf1 Ng6
35. Bh6 Ne5 36. Qf4 a4 37. Qe3 b4 38. Rdc1 c3 39. bxc3 bxc3 40. Rxc3 Qb4+ 41.
Ka1 Rxc3 42. Qxc3 Qxe4 43. d6 Rb8 44. Qc5 Qb7 45. Qc2 Qb4 46. Rd1 a3 47. Qd2
Qb7 48. Bg2 Qb2+ 49. Qxb2 axb2+ 50. Kb1 Ba4 51. Rf1 Nc4 52. a3 Nxa3+ 53. Ka2
b1=Q+ 54. Rxb1 Nxb1 55. Bd5 Nc3+ 56. Ka3 Nxd5 57. Kxa4 Rd8 58. Kb5 Rxd6 59. Kc5
Rd8 60. Kc4 Ne7 61. Be3 f5 62. Bc5 Rc8 63. Kb5 Rxc5+ 64. Kxc5 fxg4 65. hxg4 Kg7
66. Kd6 Kf6 67. Kd7 Ng6 68. Kd8 h6 69. Ke8 Ne5 70. Kd8 Ke6 71. Ke8 Nxg4 72. Kd8
h5 73. Kc7 h4 74. Kc6 h3 75. Kc5 h2 76. Kb5 h1=Q 77. Kb4 Qe1+ 78. Kc4 Qc1+ 79.
Kd3 Kf5 80. Kd4 Ne5 81. Kd5 Qc4+ 82. Kd6 Qc6+ 83. Ke7 Qd7+ 84. Kf8 Kg6 85. Kg8
Qe8# 0-1

[Event "ICS rated blitz match"]
[Site "204.178.125.65"]
[Date "2000.04.14"]
[Round "?"]
[White "serpico"]
[Black "Hossa"]
[Result "0-1"]
[WhiteElo "2330"]
[BlackElo "2396"]
[PlyCount "168"]

1. e4 e5 2. Nf3 Nc6 3. Bb5 a6 4. Ba4 Nf6 5. Qe2 b5 6. Bb3 Bc5 7. c3 O-O 8. O-O
a5 9. Rd1 a4 10. Bc2 Ba6 11. b4 Bb6 12. a3 d5 13. d3 d4 14. Bg5 Qe7 15. h3 Bb7
16. c4 Ba6 17. c5 Ba7 18. Nbd2 Qd8 19. Nf1 Bc8 20. Bb1 Be6 21. Ba2 Bxa2 22.
Rxa2 Qe7 23. N1h2 Qe6 24. Raa1 Nd7 25. Rf1 f5 26. exf5 Rxf5 27. Bh4 Raf8 28.
Nd2 Qh6 29. Bg3 Qg6 30. Ne4 Qf7 31. Qa2 Qxa2 32. Rxa2 R8f7 33. Re2 Re7 34. Rfe1
Re8 35. Nd2 Kh8 36. Ndf3 h5 37. Nh4 Rf6 38. N2f3 Kg8 39. Ng5 Rd8 40. Ne4 Rf7
41. Nf3 Re8 42. Nfg5 Rf5 43. Bh2 h4 44. Nf3 Rh5 45. Neg5 Bb8 46. Re4 Nf6 47.
Rxh4 Rh6 48. Rxh6 gxh6 49. Ne4 Nd7 50. Bg3 Rf8 51. Bh4 Rf4 52. g3 Rxf3 53. Rd1
Rf7 54. Kg2 Kg7 55. g4 Nf8 56. Bg3 Ne6 57. h4 Nf4+ 58. Bxf4 exf4 59. Nd2 Kg8
60. Nf3 Re7 61. Rd2 Ba7 62. Kh3 Kf8 63. h5 Re6 64. Kh4 Re5 65. g5 hxg5+ 66. Kg4
Bb8 67. Nxe5 Nxe5+ 68. Kf5 c6 69. Rd1 g4 70. h6 g3 71. fxg3 fxg3 72. Rh1 Kg8
73. Ke6 Kh7 74. Rd1 Kxh6 75. Kf6 Kh5 76. Kf5 Nf3 77. Rh1+ Nh4+ 78. Ke4 Kg4 79.
Kxd4 Bf4 80. Ke4 Nf3 81. d4 g2 82. Rd1 Nd2+ 83. Kd3 Nf1 84. Ke2 g1=Q 0-1

[Event "ICS rated blitz match"]
[Site "204.178.125.65"]
[Date "2000.04.14"]
[Round "?"]
[White "Hossa"]
[Black "serpico"]
[Result "1-0"]
[WhiteElo "2401"]
[BlackElo "2296"]
[PlyCount "61"]

1. e4 c5 2. Nf3 g6 3. d4 cxd4 4. Nxd4 Bg7 5. c4 Nc6 6. Nxc6 bxc6 7. Bd3 d6 8.
O-O Nf6 9. Nc3 O-O 10. Rb1 Nd7 11. Be3 Ne5 12. Be2 Ba6 13. Qa4 Qc8 14. Rbd1 Rb8
15. f4 Nd7 16. Qc2 Qb7 17. b3 Rfd8 18. f5 Ne5 19. fxg6 hxg6 20. Qd2 Qb4 21.
Bxa7 Ra8 22. Bd4 d5 23. exd5 Bb7 24. Qf4 f6 25. Bxe5 fxe5 26. Qf7+ Kh7 27. Rd3
Bc8 28. g4 Qc5+ 29. Kh1 Kh6 30. Rh3+ Kg5 31. Ne4# 1-0

[Event "ICS rated blitz match"]
[Site "204.178.125.65"]
[Date "2000.04.14"]
[Round "?"]
[White "serpico"]
[Black "Hossa"]
[Result "0-1"]
[WhiteElo "2270"]
[BlackElo "2406"]
[PlyCount "48"]

1. e4 e5 2. Nc3 Nf6 3. g3 d5 4. exd5 Nxd5 5. Bg2 Nxc3 6. bxc3 Bd6 7. Ne2 O-O 8.
O-O Nd7 9. d4 Nb6 10. f4 exd4 11. cxd4 Re8 12. Qd3 Be6 13. Bxb7 Bc4 14. Qf5
Rxe2 15. a4 Rb8 16. Bf3 g6 17. Qh3 Rxc2 18. Re1 Bb4 19. Rd1 Bc3 20. Rb1 Bxd4+
21. Kh1 Bd5 22. Qg4 f5 23. Rxd4 fxg4 24. Bxd5+ Nxd5 0-1

[Event "ICS rated blitz match"]
[Site "204.178.125.65"]
[Date "2000.04.14"]
[Round "?"]
[White "Hossa"]
[Black "PostModernist"]
[Result "1-0"]
[WhiteElo "2416"]
[BlackElo "2555"]
[PlyCount "181"]

1. e4 e5 2. Nf3 Nc6 3. Nc3 Nf6 4. Nxe5 Bb4 5. Nxc6 dxc6 6. d3 Qd4 7. Bd2 Ng4 8.
Qe2 Bc5 9. Nd1 O-O 10. c3 Qd8 11. g3 Ne5 12. h3 Bd6 13. d4 Ng6 14. h4 Re8 15.
h5 Nf8 16. h6 g6 17. Bg2 c5 18. d5 f5 19. c4 fxe4 20. Nc3 Be5 21. O-O-O Bxc3
22. bxc3 c6 23. Bxe4 Bf5 24. Rh4 Qa5 25. Kb2 Qb6+ 26. Ka1 g5 27. Bxg5 Ng6 28.
f3 Nxh4 29. gxh4 cxd5 30. cxd5 Qg6 31. Re1 a6 32. Kb1 Re5 33. Kb2 Bxe4 34. fxe4
Rae8 35. Be3 Rxe4 36. Qf2 c4 37. d6 Rg4 38. d7 Rd8 39. Bc5 b6 40. Re7 bxc5 41.
Rg7+ Qxg7 42. hxg7 Rxg7 43. Qxc5 a5 44. Qxc4+ Rf7 45. Qc7 Rdxd7 46. Qxa5 Rf2+
47. Kb3 Rb7+ 48. Ka3 Rfb2 49. c4 Rb1 50. Ka4 Kf7 51. Qd5+ Kg7 52. Qd4+ Kg6 53.
Qc5 R1b2 54. a3 Kg7 55. Ka5 Rb8 56. Qe5+ Kg8 57. Qd5+ Kg7 58. Qg5+ Kf7 59. Qf5+
Kg8 60. Qg4+ Kh8 61. Qe4 R2b3 62. a4 R8b7 63. Qd4+ Kg8 64. Ka6 Rb8 65. Qd5+ Kg7
66. a5 Rb2 67. Ka7 R8b4 68. Qe5+ Kg6 69. a6 Kf7 70. c5 Rb5 71. Qf5+ Kg8 72.
Qc8+ Kg7 73. Qd7+ Kf8 74. Qxh7 Rf2 75. c6 Rf7+ 76. Qxf7+ Kxf7 77. c7 Rc5 78.
Kb7 Rb5+ 79. Kc6 Rb1 80. c8=Q Rc1+ 81. Kb7 Rxc8 82. Kxc8 Kg6 83. a7 Kf5 84.
a8=Q Kf4 85. h5 Ke5 86. h6 Kf6 87. Qe4 Kf7 88. Qc6 Ke7 89. h7 Kf7 90. h8=Q Ke7
91. Qg7# 1-0

[Event "ICS rated bullet match"]
[Site "204.178.125.65"]
[Date "2000.04.14"]
[Round "?"]
[White "PostModernist"]
[Black "Hossa"]
[Result "1-0"]
[WhiteElo "2383"]
[BlackElo "2335"]
[PlyCount "73"]

1. e4 e5 2. d4 exd4 3. c3 dxc3 4. Bc4 cxb2 5. Bxb2 d5 6. Bxd5 Nf6 7. Nc3 Nxd5
8. Nxd5 Nc6 9. Nf3 Bg4 10. O-O f6 11. h3 Bh5 12. Qb3 Rb8 13. Rfd1 Bd6 14. Nf4
Bxf3 15. Qxf3 Qd7 16. Ba3 Ne5 17. Qe3 b6 18. Bxd6 cxd6 19. Qb3 Rc8 20. Qd5 Rc4
21. Ne6 g5 22. Rac1 Qc8 23. Rxc4 Nxc4 24. Rc1 b5 25. Qxb5+ Kf7 26. Nd4 Qb8 27.
Qxc4+ Kg6 28. Qc2 h5 29. e5+ Kf7 30. e6+ Kg7 31. Nf5+ Kg8 32. Ne7+ Kf8 33. Qg6
Rh7 34. Qxh7 Qe8 35. Ng6+ Qxg6 36. Rc8+ Qe8 37. Qf7# 1-0

[Event "ICS rated blitz match"]
[Site "204.178.125.65"]
[Date "2000.04.14"]
[Round "?"]
[White "PackMaster"]
[Black "Hossa"]
[Result "1-0"]
[WhiteElo "2628"]
[BlackElo "2430"]
[PlyCount "119"]
[EventDate "2000.??.??"]

1. d4 d5 2. c4 e6 3. Nc3 Nf6 4. Bg5 Be7 5. e3 O-O 6. Nf3 Nbd7 7. Rc1 c6 8. Bd3
dxc4 9. Bxc4 Nd5 10. Bxe7 Qxe7 11. O-O Nxc3 12. Rxc3 e5 13. Qc2 exd4 14. exd4
Nb6 15. Re3 Qd8 16. Rfe1 Nxc4 17. Qxc4 Be6 18. Qc5 Bd5 19. b3 b6 20. Qc3 Bxf3
21. Rxf3 Qd6 22. Rfe3 Rad8 23. h3 Qxd4 24. Qxc6 Qb2 25. a4 h6 26. Qf3 Qd2 27.
Re7 Rd5 28. R1e3 Rd7 29. h4 Rxe7 30. Rxe7 a6 31. g3 Qc2 32. Kg2 b5 33. axb5
axb5 34. Qd5 b4 35. Rb7 Qc3 36. Qc4 Qe5 37. Rxb4 Qe1 38. Rb7 Qd1 39. b4 h5 40.
b5 Qd2 41. b6 Qd8 42. Rc7 Qf6 43. b7 Qb6 44. Qc6 Qxc6+ 45. Rxc6 g6 46. Rc8 f6
47. Rxf8+ Kxf8 48. b8=Q+ Kf7 49. Qh8 g5 50. Qxh5+ Ke7 51. Qh7+ Kd6 52. h5 g4
53. Qf7 f5 54. Qf6+ Kd7 55. Qxf5+ Kd6 56. h6 Ke7 57. h7 Kd6 58. h8=Q Kc7 59.
Qhc8+ Kd6 60. Qfc5# 1-0

[Event "ICS rated blitz match"]
[Site "204.178.125.65"]
[Date "2000.04.14"]
[Round "?"]
[White "BRISKER"]
[Black "Hossa"]
[Result "0-1"]
[WhiteElo "2200"]
[BlackElo "2436"]
[PlyCount "30"]

1. e4 d5 2. exd5 Qxd5 3. Nc3 Qa5 4. g3 Nc6 5. Bg2 Bd7 6. Nge2 O-O-O 7. O-O h5
8. a3 h4 9. b4 Qh5 10. Nf4 Qxd1 11. Rxd1 Nd4 12. Ra2 e5 13. d3 hxg3 14. hxg3
Bg4 15. Re1 exf4 0-1

[Event "ICS rated blitz match"]
[Site "204.178.125.65"]
[Date "2000.04.14"]
[Round "?"]
[White "Hossa"]
[Black "Brookie"]
[Result "1-0"]
[WhiteElo "2436"]
[BlackElo "1972"]
[PlyCount "29"]

1. e4 e5 2. Nf3 Nc6 3. Nc3 Bc5 4. Nxe5 Nxe5 5. d4 Bd6 6. dxe5 Bxe5 7. Bd2 Nf6
8. Bd3 O-O 9. O-O d5 10. Nxd5 Nxd5 11. exd5 Qxd5 12. Bb4 Rd8 13. Qe2 c5 14.
Rad1 cxb4 15. Bxh7+ 1-0

[Event "ICS rated blitz match"]
[Site "204.178.125.65"]
[Date "2000.04.14"]
[Round "?"]
[White "Hossa"]
[Black "popugai"]
[Result "1-0"]
[WhiteElo "2438"]
[BlackElo "2244"]
[PlyCount "163"]

1. e4 c6 2. d4 d5 3. Nc3 dxe4 4. Nxe4 Bf5 5. Ng3 Bg6 6. h4 h6 7. Nf3 Nd7 8. h5
Bh7 9. Bd3 Bxd3 10. Qxd3 e6 11. Bd2 Qc7 12. O-O-O O-O-O 13. c4 Ngf6 14. Kb1 Kb8
15. Rde1 Nc5 16. Qc2 Ncd7 17. Ne2 c5 18. Bf4 Bd6 19. Bxd6 Qxd6 20. Rd1 Qc7 21.
b3 cxd4 22. Nexd4 Nc5 23. Nb5 Qf4 24. Rxd8+ Rxd8 25. b4 Na6 26. Rh4 Qf5 27.
Qxf5 exf5 28. Nbd4 Nxb4 29. Nxf5 Nxh5 30. Rxh5 g6 31. Rxh6 gxf5 32. Ne5 Nd3 33.
Nxd3 Rxd3 34. Rf6 Rd7 35. Rxf5 Kc7 36. Kb2 Kd6 37. f4 Ke6 38. Re5+ Kf6 39. Kc3
Rd1 40. Ra5 a6 41. g4 Rc1+ 42. Kb3 Rf1 43. Rf5+ Ke6 44. Re5+ Kf6 45. Re4 Rb1+
46. Kc3 Ra1 47. Kb2 Rg1 48. g5+ Kf5 49. Re7 Kxf4 50. Rxb7 Rxg5 51. Rxf7+ Ke4
52. Kb3 Kd4 53. Rc7 Rg1 54. a3 Rb1+ 55. Ka4 Rb8 56. Ka5 Rb3 57. a4 Ra3 58. Kxa6
Rxa4+ 59. Kb5 Ra1 60. Rd7+ Ke5 61. c5 Rb1+ 62. Kc6 Ke6 63. Kc7 Rc1 64. c6 Rc2
65. Rd3 Rc5 66. Kb7 Rb5+ 67. Kc8 Rc5 68. c7 Rb5 69. Kd8 Rc5 70. Rh3 Kf6 71. Kd7
Rd5+ 72. Kc6 Rd1 73. Rc3 Re1 74. Rc5 Re6+ 75. Kb7 Re7 76. Kb8 Rxc7 77. Kxc7 Ke6
78. Rb5 Kf6 79. Kd7 Kg6 80. Ke7 Kh6 81. Kf7 Kh7 82. Rh5# 1-0

[Event "ICS rated blitz match"]
[Site "204.178.125.65"]
[Date "2000.04.14"]
[Round "?"]
[White "popugai"]
[Black "Hossa"]
[Result "1/2-1/2"]
[WhiteElo "2213"]
[BlackElo "2440"]
[PlyCount "50"]
[EventDate "2000.??.??"]

1. d4 d5 2. c3 e6 3. Bf4 Bd6 4. Bg3 Bxg3 5. hxg3 Nf6 6. Nf3 Nbd7 7. e3 c5 8.
Nbd2 cxd4 9. exd4 O-O 10. Bd3 b6 11. O-O Ng4 12. Re1 g6 13. Nf1 Re8 14. Ne3
Nxe3 15. Rxe3 a6 16. Re1 f6 17. Rc1 e5 18. dxe5 Nxe5 19. Nd4 Bd7 20. Bf1 Qc8
21. Qd2 Qd8 22. Qh6 Ng4 23. Qd2 Ne5 24. Qh6 Ng4 25. Qd2 Ne5 1/2-1/2

[Event "ICS rated blitz match"]
[Site "204.178.125.65"]
[Date "2000.04.14"]
[Round "?"]
[White "Hossa"]
[Black "Viveiros"]
[Result "1-0"]
[WhiteElo "2437"]
[BlackElo "1961"]
[PlyCount "39"]

1. e4 c5 2. Nf3 Nc6 3. Bb5 e6 4. O-O Nge7 5. Re1 a6 6. Bf1 g6 7. e5 Bg7 8. d3
Qc7 9. Bf4 h6 10. Nc3 Nd5 11. Bg3 Nxc3 12. bxc3 Qa5 13. c4 b5 14. Be2 Qc3 15.
Bf1 Nd4 16. Nxd4 Qxd4 17. Qe2 Bb7 18. Rab1 Bc6 19. Rb3 O-O 20. c3 1-0

[Event "ICS rated blitz match"]
[Site "204.178.125.65"]
[Date "2000.04.14"]
[Round "?"]
[White "HAL-9000"]
[Black "Hossa"]
[Result "0-1"]
[WhiteElo "1981"]
[BlackElo "2437"]
[PlyCount "82"]

1. e4 e5 2. Nf3 Nc6 3. Bb5 a6 4. Ba4 Nf6 5. O-O Be7 6. Re1 b5 7. Bb3 O-O 8. c3
d5 9. exd5 Nxd5 10. Nxe5 Nxe5 11. Rxe5 c6 12. d4 Bd6 13. Re1 Qh4 14. g3 Qh3 15.
Be3 Bg4 16. Qd3 Rae8 17. Nd2 Re6 18. a4 f5 19. Qf1 Qh5 20. f4 bxa4 21. Rxa4
Rfe8 22. Rxa6 Kh8 23. Bxd5 cxd5 24. Qg2 Rxe3 25. Rxe3 Rxe3 26. Rxd6 Re1+ 27.
Nf1 Qe8 28. Rxd5 Qe3+ 29. Qf2 Rxf1+ 30. Kxf1 Bh3+ 31. Qg2 Bxg2+ 32. Kxg2 Qe4+
33. Kf2 Qxd5 34. b4 Qa2+ 35. Ke3 Qc2 36. b5 Qxc3+ 37. Ke2 Qxd4 38. b6 Qb2+ 39.
Kf3 Qxh2 40. b7 Qh1+ 41. Kf2 Qxb7 0-1

[Event "ICS rated blitz match"]
[Site "204.178.125.65"]
[Date "2000.04.14"]
[Round "?"]
[White "Hossa"]
[Black "Tinker"]
[Result "1/2-1/2"]
[WhiteElo "2439"]
[BlackElo "2356"]
[PlyCount "130"]

1. e4 e5 2. Nf3 Nf6 3. Nxe5 d6 4. Nf3 Nxe4 5. d4 d5 6. Bd3 Nc6 7. O-O Be7 8. c4
Bg4 9. cxd5 Qxd5 10. Re1 Nf6 11. Nc3 Qh5 12. Be2 O-O 13. h3 Be6 14. Ne5 Qh4 15.
Nxc6 bxc6 16. Bf3 Rad8 17. Ne4 Nd5 18. Qa4 Nb4 19. Bd2 Nd3 20. Re2 Nxb2 21.
Qxa7 Bc4 22. Bg5 Bxg5 23. Rxb2 Bf6 24. Rd1 Bd5 25. Re2 Rde8 26. Nxf6+ gxf6 27.
Rxe8 Rxe8 28. Bxd5 cxd5 29. Qxc7 Re2 30. Qc8+ Kg7 31. g3 Qe4 32. a4 Ra2 33. Qa8
Qf5 34. Rf1 Qxh3 35. Qxd5 Rxa4 36. Qd8 Rc4 37. Re1 Rc2 38. Qe8 Qf5 39. Qe3 Qh3
40. d5 Rc8 41. Qe7 Rc2 42. Qe4 Ra2 43. Rd1 Ra6 44. Qf4 h6 45. Qe4 Ra8 46. Rc1
Rd8 47. Qd3 f5 48. Rc4 Qh5 49. Rh4 Qg6 50. Kg2 Qd6 51. Qc3+ f6 52. Rd4 Qe5 53.
d6 Kg6 54. Qd2 Kf7 55. Rd5 Qe4+ 56. f3 Qe6 57. Rd4 h5 58. Qc2 Kg6 59. Qd1 Qa2+
60. Kh3 Qe6 61. Kh4 Qa2 62. Qd2 Qa1 63. Qd1 Qa2 64. Qd2 Qa1 65. Qd1 Qa2 1/2-1/2

[Event "ICS rated blitz match"]
[Site "204.178.125.65"]
[Date "2000.04.14"]
[Round "?"]
[White "Hossa"]
[Black "Tinker"]
[Result "1/2-1/2"]
[WhiteElo "2435"]
[BlackElo "2352"]
[PlyCount "124"]
[EventDate "2000.??.??"]

1. e4 e5 2. Nf3 Nf6 3. Nxe5 d6 4. Nf3 Nxe4 5. d4 d5 6. Bd3 Nc6 7. O-O Be7 8. c4
Be6 9. cxd5 Bxd5 10. Re1 Nf6 11. Be3 O-O 12. Nc3 Bb4 13. Ne5 Bxc3 14. bxc3 Be4
15. Bg5 Bxd3 16. Qxd3 Nxe5 17. Rxe5 Qd6 18. Qf5 Kh8 19. Bxf6 Qxf6 20. Qxf6 gxf6
21. Re7 Rac8 22. Rb1 b6 23. Rbe1 Kg8 24. R1e3 Rfd8 25. h4 Kf8 26. a3 Re8 27.
Rxe8+ Rxe8 28. Rxe8+ Kxe8 29. a4 Kd7 30. c4 Kc6 31. Kh2 Kb7 32. Kg3 Ka6 33. Kg4
Ka5 34. Kf5 Kxa4 35. Kxf6 Kb4 36. Kxf7 Kxc4 37. f4 a5 38. f5 a4 39. f6 a3 40.
Kg8 a2 41. f7 a1=Q 42. f8=Q Qxd4 43. Qf1+ Kd5 44. Qf7+ Kc6 45. Qf3+ Qd5+ 46.
Qxd5+ Kxd5 47. Kxh7 b5 48. g4 b4 49. g5 b3 50. g6 b2 51. g7 b1=Q+ 52. Kh8 Qb2
53. Kh7 Qc2+ 54. Kh8 Qc3 55. h5 Qe5 56. h6 c6 57. Kh7 Qf5+ 58. Kh8 Qf6 59. Kh7
Qe7 60. Kh8 Qf6 61. Kh7 Qe7 62. Kh8 Qf6 1/2-1/2

[Event "ICS rated blitz match"]
[Site "204.178.125.65"]
[Date "2000.04.14"]
[Round "?"]
[White "QueenMaxima"]
[Black "Hossa"]
[Result "0-1"]
[WhiteElo "2470"]
[BlackElo "2431"]
[PlyCount "52"]

1. d4 d5 2. c4 e6 3. Nc3 Nf6 4. Nf3 Bb4 5. cxd5 exd5 6. Bg5 h6 7. Bh4 g5 8. Bg3
Ne4 9. Nd2 Nxc3 10. bxc3 Bxc3 11. Rc1 Ba5 12. e3 Nd7 13. Bd3 h5 14. Qc2 c6 15.
O-O h4 16. Bd6 h3 17. gxh3 Nf6 18. Be5 Bxh3 19. Rfd1 Bc7 20. Qb2 Rb8 21. Bg3
Bxg3 22. hxg3 Ng4 23. Nb3 Qf6 24. f4 Qh6 25. fxg5 Qd6 26. Qf2 Nxf2 0-1

[Event "ICS rated blitz match"]
[Site "204.178.125.65"]
[Date "2000.04.14"]
[Round "?"]
[White "Hossa"]
[Black "QueenMaxima"]
[Result "1-0"]
[WhiteElo "2449"]
[BlackElo "2452"]
[PlyCount "123"]

1. e4 c5 2. Nf3 d6 3. d4 cxd4 4. Nxd4 Nf6 5. Nc3 a6 6. Bg5 e6 7. f4 Be7 8. Qf3
Qc7 9. O-O-O Nbd7 10. g4 b5 11. Bxf6 Nxf6 12. g5 Nd7 13. f5 Nc5 14. f6 gxf6 15.
gxf6 Bf8 16. Qh5 b4 17. Nd5 exd5 18. exd5 Bb7 19. Re1+ Kd8 20. Kb1 Na4 21. Qe2
Bh6 22. Nc6+ Bxc6 23. dxc6 Nc5 24. Bh3 Ra7 25. Qh5 Bf8 26. Bg2 Rg8 27. Rhg1 h6
28. Qe2 Ne6 29. Qe3 Rg5 30. Be4 Rxg1 31. Rxg1 Qb8 32. Bd5 Kc7 33. Rg8 Ra8 34.
Qe4 Qb5 35. Rg1 Re8 36. Qh7 Ng5 37. Qf5 Qc5 38. Qd7+ Kb6 39. Qb7+ Ka5 40. Rd1
Re2 41. Bb3 Ne6 42. a3 Qb5 43. Rd5 Re5 44. Rxb5+ Rxb5 45. Qxf7 bxa3 46. Qxe6
Kb6 47. Qd7 h5 48. c7 Rc5 49. c8=N+ Rxc8 50. Qxc8 Bh6 51. Qb8+ Kc6 52. Qe8+ Kb6
53. Qxh5 Bf8 54. Qh8 a2+ 55. Bxa2 Bg7 56. Qd8+ Kc5 57. Qa5+ Kd4 58. fxg7 Ke4
59. g8=Q d5 60. Qaxd5+ Ke3 61. Qg3+ Ke2 62. Qdd3# 1-0

[Event "ICS rated blitz match"]
[Site "204.178.125.65"]
[Date "2000.04.14"]
[Round "?"]
[White "Colgador"]
[Black "Hossa"]
[Result "0-1"]
[WhiteElo "2027"]
[BlackElo "2465"]
[PlyCount "52"]

1. e4 d5 2. exd5 Qxd5 3. Nc3 Qa5 4. d4 Nf6 5. Nf3 c6 6. Ne5 Nbd7 7. Nc4 Qc7 8.
Qf3 Nb6 9. Bf4 Qd8 10. Ne5 Qxd4 11. Rd1 Qb4 12. Bc1 Be6 13. a3 Qc5 14. Nd3 Qa5
15. Be2 Bg4 16. Qe3 Nbd5 17. Qd2 Nxc3 18. bxc3 Ne4 19. Qf4 Bxe2 20. Qxe4 Bxd1
21. Kxd1 e6 22. f4 Bxa3 23. Re1 Bxc1 24. Nxc1 Qh5+ 25. Re2 O-O-O+ 26. Nd3 Qxh2
0-1

[Event "ICS rated blitz match"]
[Site "204.178.125.65"]
[Date "2000.04.14"]
[Round "?"]
[White "wilow"]
[Black "Hossa"]
[Result "0-1"]
[WhiteElo "2138"]
[BlackElo "2467"]
[PlyCount "160"]

1. e4 d5 2. Nc3 dxe4 3. Nxe4 Nd7 4. Bc4 Ne5 5. Bb3 a5 6. d4 a4 7. dxe5 Qxd1+ 8.
Kxd1 axb3 9. cxb3 Be6 10. Nc5 Bd5 11. Nf3 e6 12. Na4 Ne7 13. Re1 b5 14. Nc5 Nc6
15. Be3 Bxf3+ 16. gxf3 O-O-O+ 17. Ke2 Bxc5 18. Bxc5 Rd5 19. Rac1 Nxe5 20. Rc3
Rhd8 21. Be3 Nd3 22. Rb1 b4 23. Rc4 c5 24. a3 Kb8 25. axb4 cxb4 26. Ra1 R8d7
27. Ra6 Rb5 28. Rcc6 e5 29. Rab6+ Rxb6 30. Rxb6+ Kc7 31. Ra6 Kd8 32. Rb6 h6 33.
Bd2 Kc7 34. Rb5 Kc6 35. Rb8 Rd4 36. Rf8 Nf4+ 37. Kd1 Rd7 38. Kc2 Nd3 39. Rc8+
Kb6 40. Rb8+ Kc7 41. Rb5 Rd4 42. Be3 Ne1+ 43. Kc1 Rh4 44. Kd2 Nxf3+ 45. Ke2
Nxh2 46. Rxe5 Kd7 47. Rf5 g6 48. Rxf7+ Ke6 49. Rb7 h5 50. Rb6+ Kd7 51. Rb7+ Kc6
52. Rg7 Rg4 53. Rf7 Rg1 54. Rf6+ Kb5 55. Rb6+ Ka5 56. Rb8 Rb1 57. Ra8+ Kb5 58.
Rb8+ Ka6 59. Rxb4 Rxb2+ 60. Kd3 Ng4 61. Rb6+ Ka5 62. Rxg6 Ne5+ 63. Kc3 Rxb3+
64. Kxb3 Nxg6 65. Kc4 h4 66. f4 h3 67. Bg1 Nh4 68. f5 Nf3 69. Bh2 Nxh2 70. f6
Ng4 71. Kd5 Nxf6+ 72. Ke5 Nd7+ 73. Kf4 h2 74. Kf5 h1=Q 75. Ke6 Kb5 76. Kxd7 Qe4
77. Kd6 Kb6 78. Kd7 Qe5 79. Kd8 Kc6 80. Kc8 Qe8# 0-1

[Event "ICS rated blitz match"]
[Site "204.178.125.65"]
[Date "2000.04.14"]
[Round "?"]
[White "Hossa"]
[Black "popugai"]
[Result "1-0"]
[WhiteElo "2471"]
[BlackElo "2199"]
[PlyCount "61"]

1. e4 c6 2. d4 d5 3. Nc3 dxe4 4. Nxe4 Bf5 5. Ng3 Bg6 6. h4 h6 7. Nf3 Nd7 8. h5
Bh7 9. Bd3 Bxd3 10. Qxd3 e6 11. Bd2 Ngf6 12. O-O-O Bd6 13. Ne4 Nxe4 14. Qxe4
Nf6 15. Qe2 Qc7 16. Kb1 Bf4 17. Bxf4 Qxf4 18. Rh4 Qc7 19. Qe5 O-O-O 20. Rd3 Rd5
21. Qxc7+ Kxc7 22. Ne5 Rf8 23. Rg3 Ne8 24. Rf4 f6 25. c4 Rd8 26. Nd3 b6 27. Re4
Kd6 28. Nf4 e5 29. dxe5+ fxe5 30. Rd3+ Kc7 31. Ne6+ 1-0

[Event "ICS rated standard match"]
[Site "204.178.125.65"]
[Date "2000.04.14"]
[Round "?"]
[White "Hossa"]
[Black "janh"]
[Result "0-1"]
[WhiteElo "2325"]
[BlackElo "2337"]
[PlyCount "134"]

1. e4 Nf6 2. e5 Nd5 3. d4 d6 4. Nf3 dxe5 5. Nxe5 Nd7 6. c4 Nxe5 7. dxe5 Nb4 8.
Qxd8+ Kxd8 9. Na3 Bf5 10. Bg5 Kc8 11. Rd1 Nxa2 12. Be2 h6 13. Bd2 e6 14. Ra1
Nb4 15. O-O Bc5 16. Rfd1 Rd8 17. Be1 Nd3 18. Bxd3 Bxd3 19. Rac1 Bxa3 20. bxa3
Rb8 21. Bb4 h5 22. a4 Rd7 23. Rd2 Bf5 24. Rcd1 Rxd2 25. Rxd2 g6 26. Be7 c6 27.
h3 a6 28. g4 hxg4 29. hxg4 Bxg4 30. Rd8+ Kc7 31. Rd4 Bh5 32. Bd6+ Kc8 33. Bxb8
c5 34. Rd2 Kxb8 35. a5 Kc7 36. Rd3 Be2 37. Re3 Bxc4 38. Rc3 Bd5 39. Rxc5+ Bc6
40. Rc4 b6 41. axb6+ Kxb6 42. Rf4 a5 43. Rxf7 a4 44. Rh7 a3 45. Rh3 a2 46. Ra3
Bd5 47. f4 Kc5 48. f5 gxf5 49. Rc3+ Kb4 50. Rc1 Ka3 51. Kf2 Kb2 52. Re1 a1=Q
53. Rxa1 Kxa1 54. Ke2 Kb2 55. Kd3 Kb3 56. Kd2 f4 57. Kd3 f3 58. Ke3 Kc4 59. Kf4
f2 60. Kg5 f1=Q 61. Kg6 Qf8 62. Kg5 Qf7 63. Kg4 Qf5+ 64. Kg3 Qg5+ 65. Kf2 Kd3
66. Kf1 Qg2+ 67. Ke1 Qe2# 0-1